MSCE Windows 2000 designing all-in-one exam guide /

Kaydedildi:
Detaylı Bibliyografya
Yazar: Brelsford, Harry
Diğer Yazarlar: Hinrichsen, Michael
Materyal Türü: Sách giấy
Dil:English
Baskı/Yayın Bilgisi: New York : McGraw-Hill , 2001
Etiketler: Etiketle
Etiket eklenmemiş, İlk siz ekleyin!
Thư viện lưu trữ: Thư viện Trường Đại học Đà Lạt
LEADER 00630nam a2200253 4500
001 DLU020019425
005 ##1/4/2002
020 # # |a 978- 
041 # # |a eng 
082 # # |a 005.43  |b BR-H 
100 # # |a Brelsford, Harry 
245 # # |a MSCE Windows 2000 designing all-in-one exam guide /  |c Harry Brelsford, Michael Hinrichsen 
260 # # |a New York :  |b McGraw-Hill ,  |c 2001 
300 # # |a 929 tr., ;   |c 24 cm. 
700 # # |a Hinrichsen, Michael 
992 # # |a 1052720 
994 # # |a DLU 
900 # # |a False 
911 # # |a Administrator 
925 # # |a G 
926 # # |a A 
927 # # |a SH 
980 # # |a Thư viện Trường Đại học Đà Lạt